000 00658nam a2200205 i 4500
001 89228
003 ES-MaACL
005 20250815082417.0
007 t|
008 050105s1965 sp ||||1| spa d
100 1 _aLarraz, José,
_d1904-1973
_970328
245 1 0 _aPor los Estados Unidos de Europa /
_cJosé Larraz.
260 _a[Madrid] :
_bAguilar,
_c1965.
300 _aXVI, 146 p. ;
_c18 cm.
490 1 _aBiblioteca de ciencias sociales. Economía
830 0 0 _aBiblioteca de ciencias sociales (Aguilar).
_pEconomía
_9181705
852 _aES-MaACL
_jF-7310
_bR.56559
852 _aES-MaACL
_jF-7311
_bR.56534
999 _c89228
_d89228